000 00544nam a2200193Ia 4500
005 20250508161951.0
008 008 250505s9999 xx 000 0 eng d
037 _aReference
040 _aFEDL
_beng
_cFEDL
041 _aeng
_2eng
084 _a954.02, MAJ
_qFEDL
100 _aMajumdar R C
245 0 _aClassical age
260 _aBombay, India
_bBharatiya Vidya Bhavan
_c1954
300 _alx,758p.
490 _aThe history and culture of the Indian people
942 _cREF
_h954.02, MAJ
999 _c1373548
_d1373548